Perspektívy daňovej a odvodovej legislatívy v Slovenskej republike
Optimalizácia daňového a odvodového bremena na Slovensku. Boj proti daňovým únikom a daňovým podvodom. Externé faktory modernizácie daňovej legislatívy v Slovenskej republike.
Enregistré dans:
| Auteur principal: | |
|---|---|
| Format: | Chapitre de livre |
| Langue: | slovaque |
| Sujets: | |
| Tags: |
Pas de tags, Soyez le premier à ajouter un tag!
|
MARC
| LEADER | 00000naa a2200000 4500 | ||
|---|---|---|---|
| 001 | 0178810 | ||
| 005 | 20240502073034.7 | ||
| 041 | 0 | |a slo | |
| 044 | |a SK | ||
| 245 | 1 | 0 | |a Perspektívy daňovej a odvodovej legislatívy v Slovenskej republike |c František Palko |
| 520 | |a Optimalizácia daňového a odvodového bremena na Slovensku. Boj proti daňovým únikom a daňovým podvodom. Externé faktory modernizácie daňovej legislatívy v Slovenskej republike. | ||
| 610 | 2 | 0 | |a Slovensko |
| 610 | 2 | 0 | |a optimalizácia daňová |
| 610 | 2 | 0 | |a legislatíva |
| 610 | 2 | 0 | |a dane |
| 610 | 2 | 0 | |a únik daňový |
| 100 | 1 | |a Palko, František, 1972- | |